000 00730nam a2200169 i 4500
001 75674
003 ES-MaACL
005 20230906172540.0
007 t|
008 040927s1916 xxk ||||1| spa d
100 1 _aGrey de Fallodon, Edward Grey
_cVizconde (
_d1862-1933)
_959971
245 1 0 _aPor qué está en guerra la Gran Bretaña y lo que espera del porvenir :
_b: discurso por el vizconde Grey de Fallodon, ministro de Estado de la Gran Bretaña, dirigido a los representantes de la prensa embajadora de Londres, el 23 de octubre de 1916.
260 _aLondres :
_bJas Truscott & Sons,
_c1916.
300 _a22 p. ;
_c19 cm.
650 4 _aGuerra mundial, 1914-1918-
_zGran Bretaña.
_9141633
852 4 _aES-MaACL
_j1579-F-27
999 _c75674
_d75674